[Event "URS-ch sf"]
[Site "Volgodonsk"]
[Date "1983.??.??"]
[Round "?"]
[White "Dolmatov, Sergey"]
[Black "Zaichik, Gennadi"]
[Result "1-0"]
[WhiteElo "2550"]
[BlackElo "2420"]

1.e4 c5 2.Nf3 Nc6 3.d4 cxd4 4.Nxd4 Qb6 5.Nb3 Nf6 6.Nc3 e6 7.Be3 Qc7 8.Bd3 a6
9.f4 b5 10.Qf3 Bb7 11.O-O Na5 12.Nxa5 Qxa5 13.a3 Qc7 14.Qg3 d5 15.e5 Ne4
16.Bxe4 dxe4 17.Rad1 g6 18.Bd4 Be7 19.Qe3 O-O 20.Rf2 Qc6 21.Re2 Rfc8 22.Rc1 a5
23.Nxe4 Qxe4 24.Qxe4 Bxe4 25.Rxe4 Rc4 26.Kf2 h6 27.c3 g5 28.Rf1 Kh7 29.Ke2 Kg6
30.g4 gxf4 31.Rexf4 Rf8 32.b3 Rc6 33.a4 bxa4 34.bxa4 Rc4 35.Ra1 Rb8 36.Kd3 Rc7
37.Kc2 Rcb7 38.c4 Rb3 39.Bc3 Bg5 40.Rd4 R3b7 41.c5 Rc8 42.Rc4 Rbc7 43.Bd4 f6
44.Re1 Rc6 45.exf6 e5 46.Bg1 Kxf6 47.Kd3 Rb8 48.Ke4 Ke6 49.Re2 Bf4 50.h4 Rb3
51.Bf2 Rc8 52.c6 Rb4 53.Rxb4 axb4 54.Rb2 Rxc6 55.Rxb4 Rc2 56.Ba7 Re2+ 57.Kf3 Ra2
58.h5 Kd5 59.Rb5+ Ke6 60.a5 Ra3+ 61.Ke2 e4 62.Bd4 Rd3 63.Rb4 Kd5 64.Bg7 Re3+
65.Kd1 Rd3+ 66.Kc2 Rd2+ 67.Kb3 Rd3+ 68.Ka4 Rd2 69.a6 Re2 70.Kb5 Bc7 71.Ra4 Rc2
72.Bxh6  1-0

[Event "Vrnjacka Banja"]
[Site "Vrnjacka Banja"]
[Date "1983.??.??"]
[Round "7"]
[White "Jansa, Vlastimil"]
[Black "Matulovic, Milan"]
[Result "1/2-1/2"]
[WhiteElo "2440"]
[BlackElo "2490"]

1.e4 c5 2.Nf3 Nc6 3.d4 cxd4 4.Nxd4 Qc7 5.Nc3 e6 6.Be2 a6 7.O-O Nf6 8.Kh1 Nxd4
9.Qxd4 Bc5 10.Qd3 b5 11.f4 h5 12.Bf3 Ng4 13.e5 Rb8 14.Bd2 d5 15.exd6 Qxd6
16.Qxd6 Bxd6 17.Ne4 Be7  1/2-1/2

[Event "Belgrade"]
[Site "Belgrade"]
[Date "1984.??.??"]
[Round "?"]
[White "Abramovic, Bosko"]
[Black "Damljanovic, Branko"]
[Result "1-0"]
[WhiteElo "2495"]
[BlackElo "2400"]

1.e4 c5 2.Nf3 Nc6 3.d4 cxd4 4.Nxd4 Qb6 5.Nb3 Nf6 6.Nc3 e6 7.Bd3 Be7 8.Be3 Qc7
9.f4 d6 10.g4 a6 11.Qe2 b5 12.O-O-O b4 13.Na4 Rb8 14.Kb1 g6 15.Rhg1 Bd7 16.Qf2 Bd8
17.g5 Nh5 18.e5 dxe5 19.Nac5 Bc8 20.fxe5 O-O 21.Bxa6 Nxe5 22.Be2 Ng7 23.Bf4 Nf5
24.Rge1 f6 25.gxf6 Bxf6 26.Bc4 g5 27.Bxe6+ Kh8 28.Bxe5 Bxe5 29.Bxc8 Rbxc8
30.Ne6 Qb8 31.Nxf8 Rxf8 32.Nc5  1-0

[Event "DDR-ch 33th"]
[Site "Eilenburg"]
[Date "1984.??.??"]
[Round "11"]
[White "Goldberg, Alexander"]
[Black "Tischbierek, Raj"]
[Result "0-1"]
[WhiteElo "2320"]
[BlackElo "2450"]

1.e4 c5 2.Nf3 Nc6 3.d4 cxd4 4.Nxd4 Qc7 5.Be2 e6 6.O-O Nf6 7.Nc3 a6 8.Qd3 Nxd4
9.Qxd4 Bc5 10.Qd3 b5 11.Bf3 Rb8 12.g3 d6 13.Bf4 Nd7 14.a3 Ne5 15.Bxe5 dxe5
16.Na2 O-O 17.Rad1 Bb7 18.Qb3 a5 19.Rd2 Bc6 20.Rfd1 Qb7 21.Qc3 Bd4 22.Qxa5 f5
23.Re2 fxe4 24.Bg4 Bd5 25.b3 Qf7 26.Qe1 Qg6 27.Bh3 Rb7 28.Nb4 Rbf7 29.Nxd5 exd5
30.Qb4 Qh5  0-1

[Event "Graz"]
[Site "Graz"]
[Date "1984.??.??"]
[Round "?"]
[White "Sax, Gyula"]
[Black "Wirthensohn, Heinz"]
[Result "1/2-1/2"]
[WhiteElo "2565"]
[BlackElo "2405"]

1.e4 c5 2.Nf3 Nc6 3.d4 cxd4 4.Nxd4 Qb6 5.Nb3 Nf6 6.Nc3 e6 7.Bd3 a6 8.O-O Be7
9.Kh1 O-O 10.f4 d6 11.Qf3 Qc7 12.Bd2 b5 13.Rae1 Bb7 14.Qh3 Rad8 15.a4 b4
16.Nd1 d5 17.e5 Ne4 18.Ne3 Kh8 19.Ng4 f5 20.exf6 gxf6 21.f5 e5 22.Bh6 Rg8
23.Qh4 Ng5 24.Nc5 e4 25.Nxb7 Qxb7 26.Be2 Rc8 27.Bxg5 Rxg5 28.Qh6 Nd4 29.Nxf6 Bxf6
30.Qxf6+ Qg7 31.Qxa6 Rxc2 32.Rc1 Rxc1 33.Rxc1 Rxf5 34.Rc8+ Rf8 35.Qa8 Rg8
36.Rxg8+ Qxg8 37.Qxg8+ Kxg8 38.a5 Nc6 39.a6 Kg7 40.g4 Kf6 41.Kg2 Ke5 42.g5 d4
43.h4 d3 44.Bh5 e3 45.g6 hxg6 46.Bxg6 Kd4 47.Kf1 e2+ 48.Kf2 Kc4 49.Bf7+ Kc5
50.a7 Nxa7 51.h5 Nb5 52.h6 Nc3 53.Bh5 Nd1+ 54.Ke1 Ne3 55.Bxe2 Ng2+ 56.Kd2 dxe2
57.Kxe2 Nf4+  1/2-1/2

[Event "Graz"]
[Site "Graz"]
[Date "1984.??.??"]
[Round "?"]
[White "Klinger, Josef"]
[Black "Wirthensohn, Heinz"]
[Result "1-0"]
[WhiteElo "2460"]
[BlackElo "2405"]

1.e4 c5 2.Nf3 Nc6 3.d4 cxd4 4.Nxd4 Qb6 5.Nb3 Nf6 6.Nc3 e6 7.Qe2 Bb4 8.Bd2 O-O
9.a3 Be7 10.e5 Nd5 11.Nxd5 exd5 12.O-O-O d6 13.exd6 Bxd6 14.Bc3 Be6 15.Qd2 Qc7
16.g3 Be5 17.Bg2 Rac8 18.Bxe5 Qxe5 19.Nd4 Nxd4 20.Qxd4 Qf5 21.c3 Rc4 22.Qxa7 Rfc8
23.Qe3 Qf6 24.Kb1 h6 25.Ka1 Qe7 26.Rd3 Ra8 27.Bxd5 Rxa3+ 28.Kb1 Raa4 29.Bxe6 fxe6
30.Rhd1 Ra8 31.Rd6 e5 32.Qd3 Rcc8 33.Qd5+ Kh8 34.Re6 Qf8 35.Qxe5 Kg8 36.f4 Rc5
37.Rd5 Rxd5 38.Qxd5 Kh8 39.Qe5 Kg8 40.Re7 Rd8  1-0

[Event "Moscow-ch"]
[Site "Moscow"]
[Date "1984.??.??"]
[Round "?"]
[White "Kuzmin, Alexey"]
[Black "Vasiukov, Evgeni"]
[Result "1/2-1/2"]
[WhiteElo "2365"]
[BlackElo "2460"]

1.e4 c5 2.Nf3 Nc6 3.d4 cxd4 4.Nxd4 Qb6 5.Nb3 Nf6 6.Nc3 e6 7.Be3 Qc7 8.Bd3 Be7
9.f4 d6 10.Qf3 O-O 11.O-O Nb4 12.Rac1 a6 13.a3 Nxd3 14.cxd3 Qd8 15.e5 Nd7
16.d4 Nb6 17.Nd2 d5 18.g4 f5 19.gxf5 Rxf5 20.Ne2 Bd7 21.Ng3 Rf7 22.Rc2 Rc8
23.Rfc1 Rxc2 24.Rxc2 Bb5 25.Qg4 Qd7 26.Nf3 Nc4 27.Bc1 Ba4 28.Rf2 Bd1 29.Rf1 Bxf3
30.Qxf3 g6 31.a4 Na5 32.b3 Nc6 33.Be3 Bd8 34.Ne2 Bb6 35.Kh1 Qe7 36.Qh3 Rf8
37.Bf2 Qf7 38.Kg2 Ne7 39.Rc1 Nf5 40.Kh1 Ba5 41.Qd3 Qe7 42.Kg2 Bb4 43.Kh1 Qd8
44.Kg2 Rf7 45.Qc2 Kg7 46.Qd3 Rc7 47.Rxc7+ Qxc7 48.Kg1 Kf8 49.Kf1 Ke8 50.Kg2 Kd8
51.Qd1 Kc8 52.Qd3 Kb8 53.Kh1 Qa5 54.Qd1 Bd2 55.Kg2 Qb4 56.Kf3 Kc7 57.Qc2+ Kd7
58.Qd1 Kd8 59.Qb1 Bc3 60.Qd1 Kd7 61.Kg2 Bd2 62.Kf3 Ne7 63.Be3 Bxe3 64.Kxe3 Nc6
65.Kd3 Qf8 66.Kc3 Qh6 67.Qg1 Qh3+ 68.Qg3 Qf1 69.Kd2 Qa1 70.Qc3 Qa2+ 71.Qc2 Qa3
72.Qc3 Qa2+ 73.Qc2 Qa1 74.Qc5 Qb2+ 75.Ke1 Ke8 76.Qd6 Nd8 77.Qc7 Qxb3 78.Qxh7 Qb1+
79.Kd2 Nc6 80.Qc7 Qb4+ 81.Ke3 Qa3+ 82.Kd2 Qxa4 83.Qxb7 Qb4+ 84.Qxb4 Nxb4  1/2-1/2

[Event "BUL-ch"]
[Site "Sofia"]
[Date "1984.??.??"]
[Round "?"]
[White "Antonov, Vladimir"]
[Black "Ermenkov, Evgenij"]
[Result "1/2-1/2"]
[WhiteElo "2365"]
[BlackElo "2420"]

1.e4 c5 2.Nf3 Nc6 3.d4 cxd4 4.Nxd4 Qc7 5.Nc3 e6 6.g3 a6 7.Bg2 d6 8.O-O Be7
9.Nb3 Nf6 10.f4 O-O 11.Kh1 b5 12.a3 Bb7 13.g4 Rfe8 14.g5 Nd7 15.Be3 Bf8 16.Qh5 b4
17.axb4 Nxb4 18.Rac1 g6 19.Qh4 Bg7 20.Rf3 Rac8 21.Rh3 Nf8 22.Qf2 Qe7 23.Na4 Nd7
24.Qd2 Nc6 25.Bf2 f5 26.gxf6 Nxf6  1/2-1/2

[Event "Vrnjacka Banja"]
[Site "Vrnjacka Banja"]
[Date "1984.??.??"]
[Round "?"]
[White "Tosic, Miroslav"]
[Black "Damljanovic, Branko"]
[Result "1/2-1/2"]
[WhiteElo "2350"]
[BlackElo "2400"]

1.e4 c5 2.Nf3 Nc6 3.d4 cxd4 4.Nxd4 Qb6 5.Nb3 Nf6 6.Nc3 e6 7.g3 Bb4 8.Bg2 d5
9.O-O Bxc3 10.exd5 Nxd5 11.bxc3 O-O 12.c4 Nde7 13.c5 Qd8 14.Qe2 e5 15.Bb2 f6
16.Rad1 Qc7 17.Be4 Bf5 18.Rd6 Rad8 19.Rfd1 Bxe4 20.Qxe4 Qc8  1/2-1/2

[Event "Vrnjacka Banja"]
[Site "Vrnjacka Banja"]
[Date "1984.??.??"]
[Round "?"]
[White "Matulovic, Milan"]
[Black "Barlov, Dragan"]
[Result "1/2-1/2"]
[WhiteElo "2465"]
[BlackElo "2410"]

1.e4 c5 2.Nf3 Nc6 3.d4 cxd4 4.Nxd4 Qc7 5.Nc3 e6 6.g3 a6 7.Bg2 d6 8.O-O Bd7
9.Re1 Be7 10.Nxc6 Bxc6 11.Qg4 h5 12.Qe2 b5 13.b3 h4 14.Bb2 hxg3 15.hxg3 Nf6
16.a4 bxa4 17.Nxa4 O-O 18.e5 dxe5 19.Bxe5 Qb7 20.Bxc6 Qxc6 21.Nb2 Rfc8 22.Nc4 Nh7
23.f3 Nf8 24.Kg2 Ng6 25.Bb2 Rd8 26.Red1 Rxd1 27.Rxd1 Rd8 28.Rxd8+ Bxd8 29.Qe4 Qxe4
30.fxe4 Bc7 31.Ba3 f6 32.Bd6 Bd8 33.Nb2 Kf7 34.Na4 Ne7 35.Nc5 a5 36.Kf3 g5
37.Nb7 Bb6 38.Ke2 Nc6 39.Kd3 Ke8 40.Bc5 Bc7  1/2-1/2

[Event "Vrnjacka Banja"]
[Site "Vrnjacka Banja"]
[Date "1984.??.??"]
[Round "?"]
[White "Tosic, Miroslav"]
[Black "Matulovic, Milan"]
[Result "1/2-1/2"]
[WhiteElo "2350"]
[BlackElo "2465"]

1.e4 c5 2.Nf3 Nc6 3.d4 cxd4 4.Nxd4 Qc7 5.Nc3 e6 6.Be2 Nf6 7.O-O a6 8.Kh1 Be7
9.f4 d6 10.Be3 O-O 11.Qe1 Nxd4 12.Bxd4 b5 13.Bf3 e5 14.fxe5 dxe5 15.Qg3 Bd6
16.Be3 Bb7 17.Bh6 Ne8 18.Rad1 Kh8 19.Bg5 f6 20.Be3 f5 21.Qh4 f4 22.Bg1 Nf6
23.Qe1 Rac8 24.Bf2 Bb4 25.Bh4 Bxc3 26.bxc3 Qxc3 27.Bxf6 Qxe1 28.Bxg7+ Kxg7
29.Rfxe1 Rxc2 30.h4 Rxa2 31.Rd7+ Rf7 32.Rxf7+ Kxf7 33.Rc1 Ke6 34.Rc7 Ba8
35.Rc8 Bb7 36.Rc7 Ba8 37.Rc8  1/2-1/2

[Event "Zuerich op"]
[Site "Zuerich"]
[Date "1984.??.??"]
[Round "5"]
[White "Hess, Ralf"]
[Black "Wirthensohn, Heinz"]
[Result "1-0"]
[WhiteElo "2335"]
[BlackElo "2405"]

1.e4 c5 2.Nf3 Nc6 3.d4 cxd4 4.Nxd4 Qb6 5.Nb3 Nf6 6.Nc3 e6 7.a3 Be7 8.g3 O-O
9.Be3 Qc7 10.f4 d6 11.Bg2 a6 12.O-O b5 13.g4 Nd7 14.Qe2 Nb6 15.Rad1 Rb8 16.g5 Na4
17.Bc1 Nxc3 18.bxc3 Bb7 19.Rd3 Rfe8 20.Rh3 g6 21.c4 bxc4 22.Qxc4 Qb6+ 23.Kh1 Rbc8
24.Qd3 Na5 25.Bb2 Nc4 26.Rxh7  1-0

[Event "Zuerich op"]
[Site "Zuerich"]
[Date "1984.??.??"]
[Round "9"]
[White "Cramling, Pia"]
[Black "Wirthensohn, Heinz"]
[Result "1/2-1/2"]
[WhiteElo "2405"]
[BlackElo "2405"]

1.e4 c5 2.Nf3 Nc6 3.d4 cxd4 4.Nxd4 Qb6 5.Nb3 Nf6 6.Nc3 e6 7.Qe2 Bb4 8.Bd2 O-O
9.a3 Be7 10.e5 Nd5 11.Nxd5 exd5 12.O-O-O d6 13.exd6 Bxd6 14.Bc3 Be6 15.Qd2 Qc7
16.g3 Be5 17.Bxe5 Qxe5 18.Bb5 Rac8 19.Rhe1 Qf6 20.Kb1 Bg4 21.Rc1 Rfd8 22.Bxc6 bxc6
23.Qb4 Bh3 24.f4 c5 25.Nxc5 Rb8 26.Nb7 Bd7 27.Re5 Rdc8 28.Qb3 g6 29.Qxd5 Be6
30.Qf3 Qe7 31.Na5 Qc7 32.g4 a6 33.h3 Rb5 34.Rxb5 axb5 35.f5 Bxf5 36.gxf5 Qxa5
37.Qf4 Qb6 38.Qe5 Rc5 39.Qe3 Qc6 40.fxg6 hxg6 41.Qd4 Qc8 42.Qd3 Rh5 43.Rf1 Qe6
44.Rf3 Re5 45.b3 Rd5 46.Qc3 Re5 47.Rd3 Kh7 48.Kb2 Qe7 49.Qc6 Qg5 50.Qf3 Qe7
51.Qc6 Qg5 52.Qc7 Qf6 53.Qc3 Qe7 54.Qd4 Qg5 55.Qf2 Rf5 56.Qe3 Qf6+ 57.Qd4 Qg5
58.Qd8 Qf4 59.Qb6 Qg5 60.Qd8 Qf4 61.Qe7 Re5 62.Qd6 Qf5 63.Qb4 Qf6 64.Qd4 Qg5
65.Rf3 Rf5 66.Re3 Rd5 67.Qc3 Rc5 68.Qd2 Qf6+ 69.Ka2 Qc6 70.Kb1 Rd5 71.Qf2 Rf5
72.Qh4+ Rh5 73.Qe7 Rf5 74.Rd3 Qg2 75.Kb2 Qf2 76.Rd7 Qf4 77.Qe8 Kg7 78.Rd8 Qe5+
79.Qxe5+ Rxe5 80.Rd4 g5 81.h4 Kg6 82.c4 gxh4 83.Rxh4 Kg5 84.Rd4 bxc4 85.Rxc4 f5
86.a4 f4 87.b4 f3 88.Rc1 f2 89.Rf1 Re2+ 90.Kc3 Kf6 91.Kd3 Rb2 92.Kc3 Re2
93.Kd3 Rb2 94.Kc4 Ke6 95.a5 Kd6 96.Kb5 Kc7 97.Rc1+ Kb8 98.Rh1 Rc2 99.Rf1 Re2  1/2-1/2

[Event "ARG-ch"]
[Site "Buenos Aires"]
[Date "1985.??.??"]
[Round "5"]
[White "Grinberg, Ricardo"]
[Black "Paglilla, Carlos"]
[Result "0-1"]
[WhiteElo "2370"]
[BlackElo "2310"]

1.e4 c5 2.Nf3 Nc6 3.d4 cxd4 4.Nxd4 Qc7 5.Nc3 e6 6.Be2 a6 7.Be3 Nf6 8.O-O Bb4
9.Nxc6 bxc6 10.Na4 Rb8 11.c4 Bd6 12.Qd3 Bxh2+ 13.Kh1 Bf4 14.Bc5 d6 15.Ba3 c5
16.Nc3 Bb7 17.Bf3 Be5 18.Rfe1 O-O 19.b3 Bc6 20.Bb2 Bd4 21.Re2 Qb7 22.Nd1 e5
23.Nc3 Rfe8 24.Rg1 h6 25.Nd1 Qe7 26.Ne3 Bxe3 27.Rxe3 Nd5 28.g3 Nxe3 29.Qxe3 Qg5
30.Qxg5 hxg5 31.g4 a5 32.Rd1 a4 33.Rxd6 axb3 34.axb3 Rxb3 35.Rxc6 Rxb2 36.Kg2 Ra8
37.Rxc5 f6 38.Rb5 Rxb5 39.cxb5 Ra2 40.Bd1 Rb2 41.Kf3 Rxb5 42.Ba4 Rb2 43.Bc6 Kf7
44.Bd5+ Ke7 45.Bc4 Kd6 46.Ke3 Kc5 47.Bd3 Rb3  0-1

[Event "BUL-FRA"]
[Site "?"]
[Date "1985.??.??"]
[Round "10"]
[White "Tringov, Georgi P"]
[Black "Kouatly, Bachar"]
[Result "1/2-1/2"]
[WhiteElo "2460"]
[BlackElo "2460"]

1.e4 c5 2.Nf3 Nc6 3.d4 cxd4 4.Nxd4 Qb6 5.Nb3 Nf6 6.Nc3 e6 7.Bd3 Bb4 8.O-O Bxc3
9.bxc3 d6 10.Kh1 h6 11.Ba3 Qc7 12.f4 b6 13.Nd4 a6 14.Nxc6 Qxc6 15.e5 Bb7
16.Qe2 Ne4  1/2-1/2

[Event "FIN-ch"]
[Site "Espoo"]
[Date "1985.??.??"]
[Round "?"]
[White "Maki, Veijo"]
[Black "Pyhala, Antti"]
[Result "1-0"]
[WhiteElo "2355"]
[BlackElo "2295"]

1.e4 c5 2.Nf3 Nc6 3.d4 cxd4 4.Nxd4 Qc7 5.Nc3 e6 6.Be2 b6 7.Nxc6 dxc6 8.O-O Bd6
9.f4 e5 10.f5 Nf6 11.Qe1 Bb7 12.Qg3 Be7 13.Be3 O-O-O 14.Qxg7 Rdf8 15.Qh6 Rfg8
16.a4 c5 17.a5 Nxe4 18.Nxe4 Bxe4 19.Bf3 Qb7 20.Qh3 Bf6 21.axb6 axb6 22.Ra4 Bxf3
23.Qxf3 h5 24.b4 c4 25.b5 Qxf3 26.Rxf3 Kb7 27.Rf1 Ra8 28.Rxc4 Rhc8 29.Rxc8 Rxc8
30.Rd1 Rxc2 31.Rd6 Be7 32.Rxb6+ Kc7 33.f6 Bb4 34.Ra6 Re2 35.Bb6+ Kb7 36.Kf1 Rb2
37.Be3 e4 38.Ra7+ Kc8 39.b6 Rb1+ 40.Ke2 Rb2+ 41.Kd1 Rb3 42.Bf4 Bd6 43.Bxd6 Rd3+
44.Ke2 Rxd6 45.Rxf7 Rxb6 46.Ke3 Kd8 47.Kxe4 Rb4+ 48.Kf3 Ke8 49.Re7+ Kf8 50.Re5 Rb3+
51.Kf4 Rb2 52.Kg3 h4+ 53.Kh3 Kf7 54.Re4 Kxf6 55.Rxh4 Rb3+ 56.g3 Kg5 57.Ra4 Rb1
58.Ra5+ Kg6 59.Kh4 Rb6 60.g4 Rc6 61.Ra3 Rb6 62.Kg3 Rb1 63.Ra6+ Kg7 64.g5 Rb4
65.h4 Rb3+ 66.Kg4 Rb4+ 67.Kh5 Rb7 68.Ra4 Rc7 69.Kg4 Rb7 70.h5 Kh7 71.h6 Rb6
72.Ra7+ Kh8 73.Kh5 Rb5 74.Re7 Ra5 75.Kg6  1-0

[Event "Kecskemet op"]
[Site "Kecskemet "]
[Date "1985.??.??"]
[Round "10"]
[White "Emodi, Gyula"]
[Black "Janosevic, Dragoljub"]
[Result "1/2-1/2"]
[WhiteElo "2390"]
[BlackElo "2320"]

1.e4 c5 2.Nf3 Nc6 3.d4 cxd4 4.Nxd4 Qc7 5.c3 Nf6 6.Bd3 e6 7.O-O a6 8.Be3 d5
9.exd5 Nxd5 10.Bc1 Bd6 11.h3 O-O 12.Nd2 Nxd4 13.cxd4 b5 14.Ne4 Bb7 15.Qh5 f5
16.Ng5 Nf6 17.Qe2 Rae8 18.Bd2 Qc6 19.Nf3 Ne4 20.Rfc1 Qb6 21.Be1 Bb8 22.Bb4 Rf6
23.Bc5 Nxc5 24.dxc5 Qc6 25.a4 b4 26.Rc4 Qc7 27.c6 Bxc6 28.Ne5 Qxe5 29.Qxe5 Bxe5
30.Rxc6 a5 31.Rb1 Rd8 32.Bc4 Rd2 33.b3 Bd4 34.Rf1 f4 35.Bxe6+ Kf8 36.Rc8+ Ke7
37.Bg4 Rd6  1/2-1/2

[Event "Hoogovens-B"]
[Site "Wijk aan Zee"]
[Date "1985.??.??"]
[Round "1"]
[White "Sowray, Peter J"]
[Black "Barlov, Dragan"]
[Result "0-1"]
[WhiteElo "2330"]
[BlackElo "2430"]

1.e4 c5 2.Nf3 Nc6 3.d4 cxd4 4.Nxd4 Qc7 5.Nc3 e6 6.Be2 Nf6 7.O-O a6 8.Be3 Be7
9.f4 d6 10.Kh1 Bd7 11.Qe1 O-O 12.Qg3 Kh8 13.Rad1 Rae8 14.Bf3 e5 15.Nf5 Bxf5
16.exf5 exf4 17.Bxf4 Qb6 18.b3 Qc5 19.Ne4 Qxc2 20.Nxd6 Bxd6 21.Bxd6 Rg8 22.Qh4 h6
23.Qf4 Qc3 24.Rc1 Qe3 25.Qc4 Qd4 26.Qxd4 Nxd4 27.Bxb7 Re2 28.Bc5 Rd2 29.Bxd4 Rxd4
30.Bxa6 Rd2 31.a4 Ng4 32.Rce1 Rgd8 33.Bc4 f6 34.Kg1 Ne5 35.Be6 h5 36.h3 h4
37.Rf4 g5 38.fxg6 Kg7 39.Ref1 R8d6 40.Bf5 Rb2 41.Rxh4  0-1

[Event "Asousados"]
[Site "Asousados"]
[Date "1986.??.??"]
[Round "?"]
[White "Alzate, Dario"]
[Black "Yepes Martinez, Eduard"]
[Result "1-0"]
[WhiteElo "2365"]
[BlackElo "2390"]

1.e4 c5 2.Nf3 Nc6 3.d4 cxd4 4.Nxd4 Qc7 5.Nc3 e6 6.Ndb5 Qb8 7.a4 a6 8.Na3 Nf6
9.Bd3 Bc5 10.O-O b6 11.Kh1 Bb7 12.f4 d6 13.Nc4 Nd7 14.Qg4 O-O 15.Rf3 f5 16.exf5 Nf6
17.Qg5 h6 18.Qh4 Nd4 19.Rg3 Nxf5 20.Bxf5 exf5 21.Qxh6 Ng4 22.Qe6+ Rf7 23.Be3 Nxe3
24.Rxe3 Bxe3 25.Nxd6 Qf8 26.Nxf7 Re8 27.Nh6+ Kh7 28.Qxf5+ Kxh6 29.Qh3+ Kg6
30.Re1 Qxf4 31.Nd1 Bc5 32.Qd3+ Be4 33.Qe2 Re7 34.Rf1 Qg5 35.Nc3 Bf5 36.Qxa6 Bxc2
37.a5 Rf7 38.Rxf7 Kxf7 39.Qf1+ Kg6 40.a6 b5 41.Nxb5 Qf5 42.Qxf5+ Kxf5 43.b4 Bd3
44.a7 Bxa7 45.Nxa7 Ke5 46.Nc6+ Kd5 47.Na5 Kd4 48.Kg1 Kc3 49.Nc6 Be4 50.b5 Kc4
51.Na7 Bb7 52.Kf2 Kc5 53.g3 Kb6 54.Nc6 Kxb5 55.Nd4+ Kc4 56.Nf5  1-0

[Event "Bor"]
[Site "Bor"]
[Date "1986.??.??"]
[Round "1"]
[White "Ilincic, Zlatko"]
[Black "Barlov, Dragan"]
[Result "0-1"]
[WhiteElo "2490"]
[BlackElo "2550"]

1.e4 c5 2.Nf3 Nc6 3.d4 cxd4 4.Nxd4 Qc7 5.Nc3 e6 6.Be2 a6 7.O-O Nf6 8.Kh1 Be7
9.f4 d6 10.a4 O-O 11.Nb3 b6 12.Be3 Bb7 13.Bf3 Na5 14.Nxa5 bxa5 15.Qe2 Rac8
16.Qf2 Nd7 17.Rfd1 Rfd8 18.Rd2 Ba8 19.Ne2 Rb8 20.c3 Nc5 21.Bxc5 dxc5 22.Qe3 Rxd2
23.Qxd2 Qb6 24.Ra2 Rd8 25.Qc2 c4 26.Ra1 Qe3 27.Rd1 Rd3 28.Rxd3 cxd3 29.Qc1 d2
30.Qg1 Qd3 31.Qd1 Bc5 32.Ng3 Qe3 33.h3 Qe1+ 34.Nf1 Bxe4  0-1

[Event "JUG-ch"]
[Site "Budva"]
[Date "1986.??.??"]
[Round "?"]
[White "Kosanovic, Goran A"]
[Black "Rajkovic, Dusan"]
[Result "0-1"]
[WhiteElo "2350"]
[BlackElo "2460"]

1.e4 c5 2.Nf3 Nc6 3.d4 cxd4 4.Nxd4 Qc7 5.Nc3 e6 6.Be2 a6 7.f4 d6 8.Be3 Bd7
9.O-O Nf6 10.Nb3 b5 11.Bf3 Be7 12.a4 b4 13.Ne2 e5 14.f5 Na5 15.Nxa5 Qxa5
16.c4 Qc7 17.Qd3 Bc6 18.g4 Nd7 19.b3 Nc5 20.Qc2 Qb7 21.Ng3 Bh4 22.Rad1 O-O-O
23.Rfe1 Bxg3 24.hxg3 Bxe4 25.Bxe4 Nxe4 26.Kh2 Nf6 27.c5 Qc6 28.Qc4 h5 29.g5 Ng4+
30.Kg1 d5 31.Qxb4 d4 32.Bf2 h4 33.Qb6 Qxb6 34.cxb6 h3 35.Rf1 Kb7 36.a5 Rc8
37.Bxd4 exd4 38.Rxd4 h2+ 39.Kh1 Nf2+  0-1

[Event "JUG-ch"]
[Site "Budva"]
[Date "1986.??.??"]
[Round "?"]
[White "Marjanovic, Slavoljub"]
[Black "Barlov, Dragan"]
[Result "1-0"]
[WhiteElo "2515"]
[BlackElo "2550"]

1.e4 c5 2.Nf3 Nc6 3.d4 cxd4 4.Nxd4 Qb6 5.Nb3 Nf6 6.Nc3 e6 7.Bd3 a6 8.O-O Qc7
9.f4 d6 10.Qe2 b5 11.Bd2 b4 12.Nd1 a5 13.c3 Ba6 14.Rc1 Bxd3 15.Qxd3 Qb7 16.Nf2 Be7
17.cxb4 Nxb4 18.Qc4 d5 19.exd5 exd5 20.Qc7 Qxc7 21.Rxc7 Na6 22.Rb7 a4 23.Re1 O-O
24.Rexe7 axb3 25.Rxb3 Nc5 26.Rb5 Nce4 27.Nxe4 Nxe4 28.Ba5 Rfc8 29.Rc7 f6
30.Rxc8+ Rxc8 31.Kf1 Rc2 32.Be1 d4 33.Rb4 f5 34.Rxd4 Rxb2 35.a4 Ra2 36.a5 h5
37.Rd5 Nf6 38.Rxf5 Ng4 39.Rg5 Nxh2+ 40.Kg1 Ng4 41.Rxh5 Ra1 42.Kf1 Ne3+ 43.Ke2 Nxg2
44.Bd2 Ra2 45.Kd3 Ra4 46.Rf5 Nh4 47.Rb5 Kf7 48.Kc3 Nf3 49.Kb3 Re4 50.Bc3 Nd4+
51.Bxd4 Rxd4 52.a6  1-0

[Event "Elenite op"]
[Site "Elenite"]
[Date "1986.??.??"]
[Round "?"]
[White "Lukov, Valentin"]
[Black "Lalev, Dimitar"]
[Result "1/2-1/2"]
[WhiteElo "2410"]
[BlackElo "2355"]

1.e4 c5 2.Nf3 Nc6 3.d4 cxd4 4.Nxd4 Qc7 5.Nb5 Qb8 6.c4 Nf6 7.N5c3 e6 8.Be3 b6
9.Be2 Bc5 10.Qd2 Bb7 11.O-O Bxe3 12.Qxe3 O-O 13.f4 d5 14.cxd5 exd5 15.e5 d4
16.Qg3 Nxe5 17.fxe5 dxc3 18.Nxc3 Ne4 19.Nxe4 Bxe4 20.Bc4 Qb7 21.e6 Bd5  1/2-1/2

[Event "Wch-06 blind "]
[Site "Moscow"]
[Date "1986.??.??"]
[Round "7"]
[White "Dukaczewski, Piotr"]
[Black "Krylov, Sergey"]
[Result "1-0"]
[WhiteElo "2205"]
[BlackElo "2205"]

1.e4 c5 2.Nf3 Nc6 3.d4 cxd4 4.Nxd4 Qb6 5.Nb3 Nf6 6.Nc3 e6 7.a3 a6 8.Be3 Qc7
9.f4 d6 10.g4 h6 11.Bg2 Rb8 12.Qe2 b5 13.Rd1 b4 14.axb4 Nxb4 15.O-O Be7 16.Nd4 e5
17.Nf5 Bxf5 18.exf5 exf4 19.Rxf4 O-O 20.h4 d5 21.g5 Bc5 22.gxf6 Rfe8 23.Qg4 Bxe3+
24.Kh1 g6 25.Rxb4 Rxb4 26.Qxb4 d4 27.Nd5 Qxc2 28.Rf1 gxf5 29.Ne7+ Kh8 30.Qd6 Qxb2
31.Qg3  1-0

[Event "Banja Luka"]
[Site "Banja Luka"]
[Date "1987.??.??"]
[Round "7"]
[White "Trepp, Markus"]
[Black "Matulovic, Milan"]
[Result "1/2-1/2"]
[WhiteElo "2405"]
[BlackElo "2485"]

1.e4 c5 2.Nf3 Nc6 3.d4 cxd4 4.Nxd4 Qc7 5.Nc3 e6 6.Ndb5 Qb8 7.a4 Nf6 8.Bd3 Be7
9.O-O O-O 10.Be3 a6 11.Nd4 Qc7 12.Kh1 d6 13.f4 Bd7 14.Qf3 Nxd4 15.Bxd4 Bc6  1/2-1/2

[Event "Banja Luka"]
[Site "Banja Luka"]
[Date "1987.??.??"]
[Round "13"]
[White "Ekstroem, Roland"]
[Black "Matulovic, Milan"]
[Result "1/2-1/2"]
[WhiteElo "2390"]
[BlackElo "2485"]

1.e4 c5 2.Nf3 Nc6 3.d4 cxd4 4.Nxd4 Qc7 5.Nc3 e6 6.Be2 a6 7.O-O Nf6 8.Be3 Bb4
9.Na4 Bd6 10.g3 Be7 11.Nxc6 bxc6 12.Nb6 Rb8 13.Nxc8 Qxc8 14.e5 Nd5 15.Bd4 c5
16.c4 cxd4 17.cxd5 Rxb2 18.Rc1 Qb8 19.dxe6 fxe6 20.Bxa6 Qxe5 21.Qa4 Rb8 22.Rfe1 Qd6
23.Bd3 Bf6 24.Qc2 g6 25.h4 Ke7 26.Qe2 Ra8  1/2-1/2

[Event "Belgrade (Women)"]
[Site "Belgrade"]
[Date "1987.??.??"]
[Round "2"]
[White "Markovic, Gordana"]
[Black "Makropoulou, Marina"]
[Result "0-1"]
[WhiteElo "2215"]
[BlackElo "2270"]

1.e4 c5 2.Nf3 Nc6 3.d4 cxd4 4.Nxd4 Qc7 5.Nc3 e6 6.Be2 a6 7.O-O Nf6 8.Kh1 Nxd4
9.Qxd4 Bc5 10.Qd3 h5 11.f4 Ng4 12.Qg3 b5 13.e5 Bb7 14.Bf3 O-O-O 15.a4 b4
16.Ne4 Bxe4 17.Bxe4 Qa7 18.Bd2 d5 19.Bd3 a5 20.Be1 f5 21.Bb5 Ne3 22.Rf2 h4
23.Qh3 Rdg8 24.c3 b3 25.Re2 Nc2 26.Rd1 g5 27.c4 Ne3 28.Rxe3 g4  0-1

[Event "Belgrade (Women)"]
[Site "Belgrade"]
[Date "1987.??.??"]
[Round "11"]
[White "Bjelajac Prokopovic, Olivera"]
[Black "Makropoulou, Marina"]
[Result "0-1"]
[WhiteElo "2135"]
[BlackElo "2270"]

1.e4 c5 2.Nf3 Nc6 3.d4 cxd4 4.Nxd4 Qc7 5.Nc3 e6 6.Be3 a6 7.a3 Nf6 8.Be2 Na5
9.Qd3 b5 10.O-O Rb8 11.b3 Nb7 12.b4 d6 13.f4 Be7 14.Kh1 Nd7 15.Rad1 Nb6 16.Bc1 Bd7
17.Bf3 Rc8 18.Nce2 g6 19.e5 Nc4 20.Qe4 Nd8 21.g4 dxe5 22.fxe5 Qxe5 23.Qd3 Qc7
24.Bf4 e5 25.Bg3 Nc6 26.Bd5 O-O 27.Nf3 Nb2 28.Qb3 Nxd1 29.Bxf7+ Kg7 30.Bd5 Bxg4
31.Rxd1 Bf6 32.Rd3 Ne7 33.Be6 Bxe6 34.Qxe6 Qc6 35.Qxc6 Rxc6 36.Nxe5 Rxc2
37.Nd4 Rc1+ 38.Kg2 Rfc8 39.Ne6+ Kg8 40.Nc5 Nf5 41.Bf4 Rc2+ 42.Kh3 Bxe5 43.Bxe5 Re2
44.Bf4 h6 45.Nxa6 Rc4 46.Bg3 g5  0-1

[Event "Buenos Aires BCA"]
[Site "Buenos Aires"]
[Date "1987.??.??"]
[Round "3"]
[White "Garbarino, Rodolfo"]
[Black "Iglesias, Alejandro"]
[Result "1-0"]
[WhiteElo "2325"]
[BlackElo "2215"]

1.e4 c5 2.Nf3 Nc6 3.d4 cxd4 4.Nxd4 Qc7 5.Nc3 e6 6.g3 a6 7.Bg2 Nf6 8.O-O d6
9.Re1 Be7 10.Nxc6 bxc6 11.e5 dxe5 12.Rxe5 O-O 13.Bf4 Qb7 14.Re2 Nd5 15.Be5 Rd8
16.Rd2 Bd7 17.Ne4 Be8 18.c4 Nb6 19.Qg4 Bf8 20.Rxd8 Rxd8 21.Nf6+ Kh8 22.Qe4  1-0

[Event "Buenos Aires BCA"]
[Site "Buenos Aires"]
[Date "1987.??.??"]
[Round "4"]
[White "Garbarino, Rodolfo"]
[Black "Paglilla, Carlos"]
[Result "1/2-1/2"]
[WhiteElo "2325"]
[BlackElo "2380"]

1.e4 c5 2.Nf3 Nc6 3.d4 cxd4 4.Nxd4 Qc7 5.Nc3 e6 6.g3 a6 7.Bg2 Nf6 8.O-O Be7
9.Re1 Nxd4 10.e5 Nb5 11.exf6 Nxc3 12.fxg7 Rg8 13.bxc3 Qxc3 14.Rb1 d5 15.Bb2 Qc4
16.Qh5 Bd7 17.Qxh7 O-O-O 18.h4 Qg4 19.Bxd5 Bc5 20.Bg2 Qxg3 21.Be5 Qxf2+ 22.Kh1 Bb5
23.a4 Rxg7 24.Bxg7 Rd2 25.Qg8+ Kd7 26.Bf6 Qxf6 27.Qg5 Qxg5 28.hxg5 Bxa4 29.Rxb7+ Kd6
30.Rxf7 Bxc2 31.Bh3 Bb3 32.Bxe6 Ba4 33.Bf5 Bd4 34.g6 Bc6+ 35.Be4 Be8 36.Rf3 a5
37.Rd3 Rxd3 38.Bxd3 Bc6+ 39.Kh2 a4 40.Bc4 Kc5 41.Bf7 a3 42.Rc1+ Kb6 43.Rb1+ Kc5
44.Rc1+ Kb6 45.Re1 Kc5 46.Kg3 Bb2 47.Kf4 Bd5 48.Rd1 a2 49.Rxd5+ Kc6 50.Rd1  1/2-1/2

[Event "New Delhi"]
[Site "Delhi"]
[Date "1987.??.??"]
[Round "?"]
[White "Thipsay, Praveen Mahadeo"]
[Black "Vasiukov, Evgeni"]
[Result "0-1"]
[WhiteElo "2420"]
[BlackElo "2490"]

1.e4 c5 2.Nf3 Nc6 3.d4 cxd4 4.Nxd4 Qb6 5.Nb3 Nf6 6.Nc3 e6 7.Bd3 Be7 8.O-O O-O
9.Be3 Qc7 10.f4 d6 11.a3 a6 12.Qf3 b5 13.Rae1 Bb7 14.Qh3 Rfe8 15.f5 exf5
16.Qxf5 Ne5 17.h3 Rac8 18.Bd4 Bd8 19.Nd2 Qd7 20.Qf4 Qe6 21.Nf3 Nh5 22.Qd2 Nxf3+
23.Rxf3 Bf6 24.Bf2 Be5 25.Nd5 Bxb2 26.c3 Bxa3 27.g4 Bc5 28.Bxc5 Rxc5 29.Ref1 Nf6
30.Nxf6+ gxf6 31.Rxf6 Qe5 32.Rxf7 Qg3+ 33.Qg2 Qxd3 34.Rxb7 Rxc3 35.Rff7 Qd4+
36.Qf2 Rc1+  0-1